FACP PMR (Record no. 19982)

MARC details
000 -LEADER
fixed length control field 00231nam a22001217a 4500
003 - CONTROL NUMBER IDENTIFIER
control field SGT
082 ## - DEWEY DECIMAL CLASSIFICATION NUMBER
Item number MYR
100 ## - MAIN ENTRY--PERSONAL NAME
Personal name MYREDDI, VIJYALAXMI
245 ## - TITLE STATEMENT
Title FACP PMR
260 ## - PUBLICATION, DISTRIBUTION, ETC. (IMPRINT)
Place of publication, distribution, etc DELHI
Name of publisher, distributor, etc NIMH
Year of Publication 2004
300 ## - PAGE DESCRIPTION
No. of Pages 87
942 ## - ADDED ENTRY ELEMENTS (KOHA)
Source of classification or shelving scheme Dewey Decimal Classification
Koha item type Books
Holdings
Withdrawn status Lost status Source of classification or shelving scheme Damaged status Not for loan Collection code Home library Current library Date acquired SGTU Full call number Accession No. (Barcode) Date last seen Bill Date Koha item type Total Checkouts Date last borrowed
    Dewey Decimal Classification     EDUCATION SGT Engineering Library SGT Engineering Library 06/05/2020 SGTU MYR ED4727 06/05/2020 06/05/2020 Books    
    Dewey Decimal Classification     EDUCATION SGT Engineering Library SGT Engineering Library 06/05/2020 SGTU MYR ED4728 02/08/2021 06/05/2020 Books 1 10/07/2021